Record NBA (Giocatori) - Statistics

Statistiche generali
  • Questo quiz è stato fatto 15 volte
  • Il punteggio medio è 14 su 29
Statistiche sulle risposte
Descrizione Giocatore % Corretto
Punti realizzati in carriera LeBron James
100%
Tiri da 3 punti realizzati in carriera Stephen Curry
100%
Record di tiri da tre punti realizzati in una stagione Stephen Curry
100%
Punti in una partita Wilt Chamberlain
93%
Punti in un tempo Wilt Chamberlain
93%
Rimbalzi in una partita Wilt Chamberlain
93%
Rimbalzi realizzati in carriera Wilt Chamberlain
93%
Miglior media punti in carriera (con almeno 800 partite giocate in RS) Michael Jordan
86%
Record di assist realizzati in una stagione John Stockton
79%
Assist realizzati in carriera John Stockton
79%
Recuperi realizzati in carriera John Stockton
79%
Punti in un quarto Klay Thompson
64%
Triple in una partita Klay Thompson
64%
Punti in un supplementare Nikola Jokic
57%
Tiri liberi tentati in una partita, nessuno realizzato Shaquille O'Neal
57%
Stoppate realizzate in carriera Hakeem Olajuwon
50%
Rimbalzi in un tempo Bill Russell
43%
Tiri liberi realizzati in una partita senza errori James Harden
43%
Miglior media assist in carriera (con almeno 800 partite giocate in RS) Magic Johnson
43%
Assist in una partita Scoot Skiles
14%
Record di stoppate realizzate in una stagione Mark Eaton
7%
Record di palle rubate realizzate in una stagione Alvin Robertson
0%
Miglior media palle rubate in carriera (con almeno 800 partite giocate in RS) Alvin Robertson
0%
Assist in un tempo Bob Cousy
0%
Tiri da tre punti tentati in una partita, nessuno realizzato Brook Lopez
0%
Minuti giocati in una partita Dale Ellis
0%
Palle rubate in un quarto Fat Lever
0%
Rimbalzi in un quarto Nate Thurmond
0%
Palle rubate in un tempo T.J. McConnell
0%
Nessun quiz corrispondente trovato
Distribuzione punteggi
Percentuale di utenti per punteggio
Percentile per numero di risposta
I tuoi punteggi nel tempo
Non hai fatto questo quiz